00842 a2200157 45000010006000000050017000060080041000230030015000640400040000790800125001192450080002442640041003243000019003655050277003841000023006613506620260407155635.0260407a1959 arg spa dAR-UNSa-BCEJYS aAR-UNSa-BCEJYSbspacAR-UNSa-BCEJYS a658.012.2xPlanificación. Programas. Planes. Medidas de apoyo a la planificación( Administración estratégica...)10aOrden, método y organizaciónpla práctica diaria de la organización 1aBuenos Aires :bSantiago Ruedac1959 a253 p.c23 cm. a1. El éxito de la empresa y factores generales que lo condicionan - 2. Los elementos auxiliares de la organización - 3. El movimiento de materiales - 4. La producción o la ejecución - 5. Los resultados de la explotación - 6. Las funciones de la administración.1 aLenner, Geroges de